Cuando Israel cumplió treinta años

Đã lưu trong:
Chi tiết về thư mục
Tác giả chính: Cejudo Velásquez, Pablo
Định dạng: Texto
Được phát hành: San José: Instituto Central de Relaciones Culturales Israel-Iberoamérica
Các nhãn: Thêm thẻ
Không có thẻ, Là người đầu tiên thẻ bản ghi này!

MARC

LEADER 00000 a a2200000 04500
001 15862
003
040
090 |a EXTRAVIADO  
100 |a Cejudo Velásquez, Pablo  
245 |a Cuando Israel cumplió treinta años  
260 |a San José:   |b Instituto Central de Relaciones Culturales Israel-Iberoamérica  
300 |a 147 p.  
999 |c 1734  |d 1734